Ravan and Eddie / (Record no. 26083)
[ view plain ]
| 000 -LEADER | |
|---|---|
| fixed length control field | 00982nam a22002777a 4500 |
| 005 - DATE AND TIME OF LATEST TRANSACTION | |
| control field | 20190307141325.0 |
| 008 - FIXED-LENGTH DATA ELEMENTS--GENERAL INFORMATION | |
| fixed length control field | 080814t xxu||||| |||| 00| 1 eng d |
| 010 ## - LCCN (DPL NO) | |
| LC control number | B-285005 |
| 020 ## - INTERNATIONAL STANDARD BOOK NUMBER | |
| International Standard Book Number | 0140247270 |
| Terms of availability | 295.00 |
| 020 ## - INTERNATIONAL STANDARD BOOK NUMBER | |
| International Standard Book Number | 9780140247275 |
| Terms of availability | 295.00 |
| 035 ## - SYSTEM CONTROL NUMBER | |
| System control number | B-285005,b-214628 |
| 035 ## - SYSTEM CONTROL NUMBER | |
| System control number | B-428160, B-214610 ,B-214613 |
| 035 ## - SYSTEM CONTROL NUMBER | |
| System control number | Allied/DE2010/CR/2777/16.3.11/280/4.3.11/30.3.11, B-214626 |
| 035 ## - SYSTEM CONTROL NUMBER | |
| System control number | B-214631 |
| 037 ## - SOURCE OF ACQUISITION | |
| Source of stock number/acquisition | UBH (Vender) |
| 040 ## - CATALOGING SOURCE | |
| Original cataloging agency | DPL |
| Language of cataloging | ENG |
| 082 ## - DEWEY DECIMAL CLASSIFICATION NUMBER | |
| Classification number | N |
| 100 ## - MAIN ENTRY--PERSONAL NAME | |
| Personal name | Nagarkar, Kiran |
| 9 (RLIN) | 31448 |
| 245 ## - TITLE STATEMENT | |
| Title | Ravan and Eddie / |
| Statement of responsibility, etc | by Kiran Nagarkar |
| 260 ## - PUBLICATION, DISTRIBUTION, ETC. (IMPRINT) | |
| Place of publication, distribution, etc | New Delhi |
| Name of publisher, distributor, etc | Penguin Books |
| Date of publication, distribution, etc | 1996 |
| 270 ## - ADDRESS | |
| Address | 11, Community Centre, Panchsheel Park, |
| City | New Delhi |
| Postal code | 110017 |
| 300 ## - PHYSICAL DESCRIPTION | |
| Extent | 328p. |
| Dimensions | 20cm. (pbk) |
| 942 ## - ADDED ENTRY ELEMENTS (KOHA) | |
| Source of classification or shelving scheme | Dewey Decimal Classification |
| Item type | English Books |
| Classification part | N |
| Call number suffix | NAG |
| Withdrawn status | Lost status | Source of classification or shelving scheme | Damaged status | Not for loan | Collection code | Home library | Current library | Date acquired | Source of acquisition | Cost, normal purchase price | Total Checkouts | Full call number | Barcode | Date last seen | Copy number | Cost, replacement price | Koha item type | Total Renewals |
|---|---|---|---|---|---|---|---|---|---|---|---|---|---|---|---|---|---|---|
| Dewey Decimal Classification | Fiction | Central Library | Central Library | 08/08/2011 | Allied/DE2010/CR/2777/16.3.11/280/4.3.11/30.3.11 | 350.00 | N NAG | B-428160 | 08/08/2011 | 1 | 350.00 | English Books | ||||||
| Dewey Decimal Classification | Fiction | Patel Nagar | Patel Nagar | 10/07/2018 | BPPD/Pub | 295.00 | N NAG | B-214610 | 10/07/2018 | 295.00 | English Books | |||||||
| Dewey Decimal Classification | Fiction | Qila Rai Pithora | Qila Rai Pithora | 01/01/2019 | Penguin Books Pvt Ltd | 295.00 | 1 | N NAG | B-214631 | 09/03/2022 | 295.00 | English Books | 2 | |||||
| Dewey Decimal Classification | Fiction | R.C.Libraries (zls) | R.C.Libraries (zls) | 10/12/2025 | 1 | N NAG | A-735229 | 06/01/2026 | English Books | 1 | ||||||||
| Dewey Decimal Classification | Fiction | Sarojini Nagar | Sarojini Nagar | 12/12/2018 | N NAG | B-214617 | 12/12/2018 | 295.00 | English Books | |||||||||
| Dewey Decimal Classification | Fiction | Shahdara Branch | Shahdara Branch | 26/07/2018 | BPPD/PUB | 295.00 | 2 | N NAG | B-214626 | 18/05/2022 | 295.00 | English Books | 1 | |||||
| Dewey Decimal Classification | Fiction | Tri Nagar | Tri Nagar | 27/07/2018 | BPPD/pub | 295.00 | 1 | N NAG | B-214613 | 08/11/2018 | 295.00 | English Books | ||||||
| Dewey Decimal Classification | Fiction | Vigyan Vihar | Vigyan Vihar | 07/03/2019 | BPPD/PUB | 295.00 | N NAG | b-214628 | 07/03/2019 | 295.00 | English Books | |||||||
| Dewey Decimal Classification | Fiction | Vinoba Puri | Vinoba Puri | 05/05/2009 | UBH/143/25.8.08/187/21.7.08/29.8.08 | 295.00 | 2 | N NAG | B-285005 | 16/12/2017 | 1 | 295.00 | English Books |
